00346nam a2200121Ia 4500008004000000020001800040082001700058100002700075245005400102260005000156300001200206440000600218210210b1990 xxu||||| |||| 00| 0 eng d a81 7022 259 1 a954.799 DESG aDE SOUZA (Teotonio R). aGoa through the ages. Vol 2. An economic history. aNew Delhi.bConcept Publishing Company.c1990 axix,316 a2